Využitie biologicky asociovaných procesov pri analýze geneticky podmienených ochorení

Na minha lista:
Detalhes bibliográficos
Autor principal: Hurtuk, Adam (Author)
Outros Autores: Gazdarica, Juraj (Thesis advisor)
Formato: Manuscrito Livro
Idioma:eslovaco
Publicado em: 2024
Assuntos:
Acesso em linha:http://is.stuba.sk/zp/portal_zp.pl?podrobnosti=177088
Tags: Adicionar Tag
Sem tags, seja o primeiro a adicionar uma tag!

MARC

LEADER 00000ntm a22000003a 4500
001 stuzp100122
003 SK-STU
005 20240608213405.2
007 ta
008 150427s2015----xo-----f-mn---000-0-slo-d
040 |a STU  |b slo 
041 0 |a slo 
100 1 |a Hurtuk, Adam  |u 070200  |4 aut  |U FIIT Fakulta informatiky a informačných technológií  |T FIIT Ústav informatiky, informačných systémov a softvérového inžinierstva  |X 96889  |U I200  |Y 179  |7 96889 
242 0 1 |a Use of Biologically Associated Processes in the Analysis of Genetically Determined Diseases  |y eng 
245 1 0 |a Využitie biologicky asociovaných procesov pri analýze geneticky podmienených ochorení 
260 |c 2024 
650 4 |a Génové funkcie  |2 slo 
650 4 |a GOA  |2 slo 
650 4 |a Analýza na báze génových procesov  |2 slo 
650 4 |a GWAS  |2 slo 
650 4 |a Asociačné varianty  |2 slo 
650 4 |a Polygénne rizikové skóre  |2 slo 
650 4 |a Génové procesy  |2 slo 
650 4 |a Gene functions  |2 eng 
650 4 |a GOA  |2 eng 
650 4 |a Analysis based on gene processes  |2 eng 
650 4 |a Gene processes  |2 eng 
650 4 |a Polygenic risk score  |2 eng 
650 4 |a GWAS  |2 eng 
650 4 |a Association variants  |2 eng 
700 1 |a Gazdarica, Juraj  |4 ths  |X 118539  |7 118539 
856 4 |u http://is.stuba.sk/zp/portal_zp.pl?podrobnosti=177088